Radiografía de la corrupción: ideas para fortalecer la probidad en Chile.

Tallennettuna:
Bibliografiset tiedot
Yhteisötekijä: Contraloría General de la República
Aineistotyyppi: Kirja
Julkaistu: Santiago, Chile: Contraloría General de la República, 2020.
Aiheet:
Linkit:Disponible Online - Contraloría General de la República
Tagit: Lisää tagi
Ei tageja, Lisää ensimmäinen tagi!

MARC

LEADER 00000nam a22000007a 4500
003 CL-VaPUC
005 20240409102031.0
008 240319t2020 ||||| |||| 00| 0 eng d
999 |c 443243  |d 443241 
020 |a 978-956-372-051-8 
040 |c Pontificia Universidad Católica de Valparaíso 
082 0 4 |2 22  |a 364.1323 CON 2020 
110 1 |a Contraloría General de la República  |9 879341 
245 1 0 |a Radiografía de la corrupción: ideas para fortalecer la probidad en Chile. 
260 |a Santiago, Chile:   |b Contraloría General de la República,  |c 2020. 
300 |a 223 páginas. 
500 |a c.1 Donación Nelson Vásquez. Memo HIS/01. 2024 
583 |c 20240319  |k Catalogador Asistente 
650 1 |a Probidad administrativa  |z Chile  |9 888035 
650 1 |a Corrupción administrativa  |z Chile  |9 888036 
650 1 |a Prevencion de la corrupción  |z Chile  |9 888037 
856 |u https://www.contraloria.cl/portalweb/web/estrategia-nacional-anticorrupcion/radiografia-de-la-corrupcion  |y Disponible Online - Contraloría General de la República 
942 |2 ddc  |c BK 
952 |0 0  |1 0  |2 ddc  |4 0  |6 364_132300000000000_CON_2020  |7 0  |8 A  |9 593728  |a BIBHIS  |b BIBHIS  |d 2024-03-19  |e Donación  |i 5660401  |o 364.1323 CON 2020  |p 5660401  |r 2025-01-20  |t 1  |w 2024-03-19  |y BK  |k HIS